Timeo

Guardado en:
Detalles Bibliográficos
Autor principal: Platón (Autor)
Formato: Libro
Lenguaje:español
Griego antiguo
Publicado: Madrid Abada Editores 2010
Colección:Lecturas de Filosofía
Materias:
Etiquetas: Agregar Etiqueta
Sin Etiquetas, Sea el primero en etiquetar este registro!

MARC

LEADER 00000cam a2200000 a 4500
001 UCF6051
003 CL-VaPUC
008 130411e20100000SP |||||||||||||||||spa|d
020 |a 9788496775916 
041 0 7 |a spa  |2 CL-VaPUC 
041 0 7 |a grc  |2 CL-VaPUC 
082 0 4 |a 184  |b PLA  |2 21 
100 0 |a Platón  |e author  |9 222 
245 1 0 |a Timeo 
300 |a 472 p 
942 |c BK 
945 |d 20130411 00:00:00  |a dcastane 
260 |a Madrid  |b Abada Editores  |c 2010 
500 |a Edición bilingue a cargo de Jose María Zamora Calvo. Notas y anexos de Luc Brisson 
650 0 |a Filosofía antigua   |9 255705 
650 7 |a HOMBRE  |2 CL-VaPUC  |9 262149 
650 0 |a Alma   |9 259008 
650 0 |a Cosmología  |9 269138 
650 0 |a Metafísica  |9 265649 
583 |a last modification  |c 20130411 10:22:00  |k Rodrigo Vera 
490 0 |a Lecturas de Filosofía 
999 |c 351400  |d 351398 
952 |0 0  |1 0  |4 0  |6 184_000000000000000_PLA_2010  |7 0  |8 A  |9 455484  |a BIBEDU  |b BIBEDU  |d 2019-11-22  |i 496229K  |l 9  |m 2  |o 184 PLA 2010  |p 496229K  |r 2024-10-07  |s 2024-10-04  |w 2019-11-22  |y BK  |k FIL 
952 |0 0  |1 0  |3 erb  |4 0  |6 184_000000000000000_PLA_2010  |7 0  |8 A  |9 455485  |a BIBTEO  |b BIBTEO  |i 5418925  |o 184 PLA 2010  |p 5418925  |r 2025-01-17  |w 2019-11-22  |y BK  |z Catalogado en:20170825  |k ICR 
952 |0 0  |1 0  |3 erb  |4 0  |6 184_000000000000000_PLA_2010  |7 0  |8 A  |9 455486  |a BIBTEO  |b BIBTEO  |i 5418933  |l 3  |o 184 PLA 2010  |p 5418933  |r 2023-01-25  |s 2022-12-20  |w 2019-11-22  |y BK  |z Catalogado en:20170825  |k ICR